Aspekty cenového rozhodovania - cenová teória cenové stratégie

Vymedzenie pojmov cenové rozhodovanie, cenová teória a cena. Subjektívna a objektívna teória hodnoty. Podstata cenovej stratégie. Funkcie cenovej stratégie v rámci marketingovej stratégie. Cenové ciele. Typy cenových stratégií. Cenová politika.

Gespeichert in:
Bibliographische Detailangaben
1. Verfasser: Cenková, Marianna
Format: Buchkapitel
Sprache:Slowakisch
Schlagworte:
Tags: Tag hinzufügen
Keine Tags, Fügen Sie das erste Tag hinzu!

MARC

LEADER 00000naa$a2200000$$$4500
001 0025281
005 20240502071421.9
041 0 |a slo 
044 |a SK 
245 1 0 |a Aspekty cenového rozhodovania - cenová teória cenové stratégie  |c Marianna Cenková 
520 |a Vymedzenie pojmov cenové rozhodovanie, cenová teória a cena. Subjektívna a objektívna teória hodnoty. Podstata cenovej stratégie. Funkcie cenovej stratégie v rámci marketingovej stratégie. Cenové ciele. Typy cenových stratégií. Cenová politika. 
610 2 0 |a stratégia marketingová 
610 2 0 |a ceny 
610 2 0 |a politika cenová 
610 2 0 |a hodnota 
610 2 0 |a teória hodnoty 
610 2 0 |a tvorba cien 
610 2 0 |a náklady 
610 2 0 |a diferenciácia cenová 
100 1 |a Cenková, Marianna